00405nam a2200121Ia 4500008004100000082001500041245004200056260004300098300001900141942000700160999001900167952009700186230907s9999||||xx |||||||||||||| ||und|| a621.3bTHE 2aA textbook of electrical technology / aS. Chand & Company,bNew Delhi :c2014 axxxii, 2750 p. cBK c600084d600084 00104070aCAS-EbCAS-Ed2019-09-25l0o621.3 THEpCAS-E0004183r2023-09-12w2023-09-12yBK